000 01029nam a22002417a 4500
999 _c65648
_d65648
005 20240530110836.0
008 191103s2008 ua a f | 000 0 ara d
017 _a2008/3731
_bمصر. دار الكتب
020 _a97701754114
040 _aEG-CaGPL
_cEG-CaGPL
082 0 4 _221
_a332.4042
_bق/س ع
100 0 _aسيد دسوقى الشريف
245 1 2 _aالعملات المصرية المعدنية :
_bذهب - فضة - برونز - نيكل - نحاس /
_cسيد دسوقى الشريف ؛ ترجمة طارق فريد منصور
260 _aالقاهرة :
_bالفارس للدعاية والاعلان والطباعة،
_c2008
300 _a200 ص. :
_bايض. ؛
_c27 سم.
650 0 7 _2qrmak
_aالعملات البرونزية
_zمصر
650 0 7 _aالعملات الفضية
_zمصر
_2qrmak
650 0 7 _aالعملات الذهبية
_zمصر
_2qrmak
651 _2qrmak
700 0 _aطارق فريد منصور
_eمترجم
942 _2ddc
_cBK